Centro piloto, Massera en París /
Guardado en:
| Autor Principal: | |
|---|---|
| Formato: | |
| Series: | Documenta
|
| Materias: | |
| Etiquetas: |
Agregar Etiqueta
Sin Etiquetas, Sea el primero en etiquetar este registro!
|
| LEADER | 01105ngm a22003135g 4500 | ||
|---|---|---|---|
| 001 | CEM.cems023007 | ||
| 008 | 130507b2006##################0###0#####d | ||
| 005 | 20241202145351.0 | ||
| 245 | 1 | 0 | |a Centro piloto, Massera en París / |c Roman Lejtman. |
| 300 | |a 47'. | ||
| 490 | 0 | |a Documenta | |
| 500 | |a Consultar en ventanilla. | ||
| 505 | 0 | |a La creación del Centro Piloto como lugar de espionaje a los exiliados políticos. El capitán Astiz. El pacto Massera-Montoneros. El secuestro y muerte de la diplomática Helena Holmberg. | |
| 538 | |a Soporte: DVD - Formato: AVI - Color: Si - Grabación DRD 2012 | ||
| 590 | |a Identificación SIABUC: DVD Nº 27 | ||
| 100 | 1 | |a Lejtman, Roman | |
| 082 | 9 | 8 | |/ LEJ |
| 653 | |a HISTORIA | ||
| 653 | |a HISTORIA ARGENTINA | ||
| 653 | |a DICTADURA | ||
| 653 | |a DICTADURA MILITAR | ||
| 653 | |a MASSERA | ||
| 653 | |a CENTRO PILOTO | ||
| 653 | |a TERRORISMO DE ESTADO | ||
| 653 | |a DOCUMENTAL | ||
| 653 | |a SERIE DE TELEVISIÓN | ||
| 653 | |a NIVEL PRIMARIO | ||
| 653 | |a NIVEL SECUNDARIO | ||
| 859 | |a CEMS |b BIB. CEMS - Depto. Recursos Didacticos |h 982 |i LEJ |k DRD |p 1650.12 |t Ej.1 | ||
